MARC details
| 000 -LEADER |
| fixed length control field |
02167cam a2200469 i 4500 |
| 001 - CONTROL NUMBER |
| control field |
14535986 |
| 003 - CONTROL NUMBER IDENTIFIER |
| control field |
EG-ScBUE |
| 005 - DATE AND TIME OF LATEST TRANSACTION |
| control field |
20240702110211.0 |
| 008 - FIXED-LENGTH DATA ELEMENTS--GENERAL INFORMATION |
| fixed length control field |
060906t2006 nyu f 001 0aeng d |
| 020 ## - INTERNATIONAL STANDARD BOOK NUMBER |
| International Standard Book Number |
9780307455871 |
| 035 ## - SYSTEM CONTROL NUMBER |
| System control number |
(OCoLC)ocm71312726 |
| 040 ## - CATALOGING SOURCE |
| Original cataloging agency |
DLC |
| Language of cataloging |
eng |
| Description conventions |
rda |
| Transcribing agency |
DLC |
| Modifying agency |
BAKER |
| -- |
KUT |
| -- |
NPL |
| -- |
YDXCP |
| -- |
C#P |
| -- |
DLC |
| -- |
EG-ScBUE |
| 043 ## - GEOGRAPHIC AREA CODE |
| Geographic area code |
n-us--- |
| 082 04 - DEWEY DECIMAL CLASSIFICATION NUMBER |
| Edition number |
22 |
| Classification number |
973.04960730092 |
| Item number |
OBA |
| 100 1# - MAIN ENTRY--PERSONAL NAME |
| Personal name |
Obama, Barack, |
| Relator term |
author. |
| 9 (RLIN) |
13981 |
| 245 14 - TITLE STATEMENT |
| Title |
The audacity of hope : |
| Remainder of title |
thoughts on reclaiming the American dream / |
| Statement of responsibility, etc |
Barack Obama. |
| 250 ## - EDITION STATEMENT |
| Edition statement |
First edition. |
| 264 #1 - PUBLICATION, DISTRIBUTION, ETC. (IMPRINT) |
| Place of publication, distribution, etc |
New York : |
| Name of publisher, distributor, etc |
Vintage Books, |
| Date of publication, distribution, etc |
[2006] |
| 264 #4 - PUBLICATION, DISTRIBUTION, ETC. (IMPRINT) |
| Date of publication, distribution, etc |
c2006 |
| 300 ## - PHYSICAL DESCRIPTION |
| Extent |
448 pages ; |
| Dimensions |
25 cm |
| 336 ## - CONTENT TYPE |
| Source |
rdacontent |
| Content type term |
text |
| Content type code |
txt |
| 337 ## - MEDIA TYPE |
| Media type term |
unmediated |
| Source |
rdamedia |
| Media type code |
n |
| 338 ## - CARRIER TYPE |
| Carrier type term |
volume |
| Carrier type code |
nc |
| Source |
rdacarrier |
| 500 ## - GENERAL NOTE |
| General note |
Includes index. |
| 505 0# - FORMATTED CONTENTS NOTE |
| Formatted contents note |
Republicans and Democrats -- Values -- Our Constitution -- Politics -- Opportunity -- Faith -- Race -- The world beyond our borders -- Family. |
| 600 17 - SUBJECT ADDED ENTRY--PERSONAL NAME |
| Personal name |
Obama, Barack. |
| Source of heading or term |
BUEsh |
| 9 (RLIN) |
13982 |
| 600 17 - SUBJECT ADDED ENTRY--PERSONAL NAME |
| Personal name |
Obama, Barack |
| General subdivision |
Philosophy. |
| Source of heading or term |
BUEsh |
| 9 (RLIN) |
13983 |
| 610 17 - SUBJECT ADDED ENTRY--CORPORATE NAME |
| Corporate name or jurisdiction name as entry element |
United States. |
| Subordinate unit |
Congress. |
| -- |
Senate |
| Form subdivision |
Biography. |
| Source of heading or term |
BUEsh |
| 9 (RLIN) |
13984 |
| 650 #7 - SUBJECT ADDED ENTRY--TOPICAL TERM |
| Topical term or geographic name as entry element |
Legislators |
| Geographic subdivision |
United States |
| Form subdivision |
Biography. |
| Source of heading or term |
BUEsh |
| 9 (RLIN) |
13985 |
| 650 #7 - SUBJECT ADDED ENTRY--TOPICAL TERM |
| Topical term or geographic name as entry element |
African American legislators |
| Form subdivision |
Biography. |
| Source of heading or term |
BUEsh |
| 9 (RLIN) |
13986 |
| 650 #7 - SUBJECT ADDED ENTRY--TOPICAL TERM |
| Topical term or geographic name as entry element |
National characteristics, American. |
| Source of heading or term |
BUEsh |
| 9 (RLIN) |
13987 |
| 650 #7 - SUBJECT ADDED ENTRY--TOPICAL TERM |
| Topical term or geographic name as entry element |
Ideals (Philosophy) |
| Source of heading or term |
BUEsh |
| 9 (RLIN) |
13988 |
| 651 #7 - SUBJECT ADDED ENTRY--GEOGRAPHIC NAME |
| Geographic name |
United States |
| General subdivision |
Politics and government |
| -- |
Philosophy. |
| Source of heading or term |
BUEsh |
| 9 (RLIN) |
13989 |
| 651 #7 - SUBJECT ADDED ENTRY--GEOGRAPHIC NAME |
| Geographic name |
United States |
| General subdivision |
Politics and government |
| Chronological subdivision |
2001-2009. |
| Source of heading or term |
BUEsh |
| 9 (RLIN) |
13990 |
| 655 ## - INDEX TERM--GENRE/FORM |
| Form subdivision |
Reading book |
| 856 41 - ELECTRONIC LOCATION AND ACCESS |
| Materials specified |
Table of contents only |
| Uniform Resource Identifier |
<a href="http://www.loc.gov/catdir/toc/ecip0620/2006028967.html">http://www.loc.gov/catdir/toc/ecip0620/2006028967.html</a> |
| 856 42 - ELECTRONIC LOCATION AND ACCESS |
| Materials specified |
Contributor biographical information |
| Uniform Resource Identifier |
<a href="http://www.loc.gov/catdir/enhancements/fy0701/2006028967-b.html">http://www.loc.gov/catdir/enhancements/fy0701/2006028967-b.html</a> |
| 856 42 - ELECTRONIC LOCATION AND ACCESS |
| Materials specified |
Publisher description |
| Uniform Resource Identifier |
<a href="http://www.loc.gov/catdir/enhancements/fy0701/2006028967-d.html">http://www.loc.gov/catdir/enhancements/fy0701/2006028967-d.html</a> |
| 856 41 - ELECTRONIC LOCATION AND ACCESS |
| Materials specified |
Sample text |
| Uniform Resource Identifier |
<a href="http://www.loc.gov/catdir/enhancements/fy0702/2006028967-s.html">http://www.loc.gov/catdir/enhancements/fy0702/2006028967-s.html</a> |
| 942 ## - ADDED ENTRY ELEMENTS (KOHA) |
| Source of classification or shelving scheme |
Dewey Decimal Classification |
| Koha item type |
Book - Borrowing |